000 00269nam a2200121Ia 4500
003 OSt
005 20230901044041.0
008 170523s9999 xx 000 0 und d
040 _cIIMT UNIVERSITY
100 _aBERI G C
245 0 _aMARKETING RESEARCH
942 _2ddc
_c02
999 _c10250
_d10250